Пути восстановления плодородия мелконарушенных земель / (Record no. 356229)
[ view plain ]
| 000 -LEADER | |
|---|---|
| fixed length control field | 01018nam a2200205 a 4500 |
| 001 - CONTROL NUMBER | |
| control field | 001105803 |
| 003 - CONTROL NUMBER IDENTIFIER | |
| control field | AM-YeHGA |
| 005 - DATE AND TIME OF LATEST TRANSACTION | |
| control field | 20250617151704.0 |
| 008 - FIXED-LENGTH DATA ELEMENTS--GENERAL INFORMATION | |
| fixed length control field | 151013s1976 un r 000 0 rus d |
| 040 ## - CATALOGING SOURCE | |
| Original cataloging agency | AM-YeHGA |
| 041 0# - LANGUAGE CODE | |
| Language code of text/sound track or separate title | rus |
| 090 ## - LOCALLY ASSIGNED LC-TYPE CALL NUMBER (OCLC); LOCAL CALL NUMBER (RLIN) | |
| -- | 358048 |
| 100 1# - MAIN ENTRY--PERSONAL NAME | |
| Personal name | Калачиков, Василий Александрович |
| 245 10 - TITLE STATEMENT | |
| Title | Пути восстановления плодородия мелконарушенных земель / |
| Statement of responsibility, etc. | В.А. Калачиков; Укр. науч.-исслед. ин-т науч.-техн. информации и техн.-экон. исследований. |
| 260 ## - PUBLICATION, DISTRIBUTION, ETC. | |
| Place of publication, distribution, etc. | Киев : |
| Name of publisher, distributor, etc. | УкрНИИНТИ, |
| Date of publication, distribution, etc. | 1976. |
| 300 ## - PHYSICAL DESCRIPTION | |
| Extent | 35 с. |
| 650 14 - SUBJECT ADDED ENTRY--TOPICAL TERM | |
| Topical term or geographic name entry element | Рекультивация земель |
| 653 0# - INDEX TERM--UNCONTROLLED | |
| Uncontrolled term | Плодородие почвы |
| 710 2# - ADDED ENTRY--CORPORATE NAME | |
| Corporate name or jurisdiction name as entry element | Украинский научно-исследовательский институт научно-технической информации и технико-экономических исследований |
| Withdrawn status | Lost status | Source of classification or shelving scheme | Damaged status | Not for loan | Collection | Home library | Current library | Date acquired | Total checkouts | Full call number | Barcode | Date last seen | Price effective from | Koha item type | Public note |
|---|---|---|---|---|---|---|---|---|---|---|---|---|---|---|---|
| Universal Decimal Classification | General | Fundamental Scientific Library | Fundamental Scientific Library | 11/01/2017 | PII/380645 | FL0355952 | 11/01/2017 | 11/01/2017 | Գրքեր / Books | 30 Days Loan |
ՀՀ Գիտությունների ազգային ակադեմիայի հիմնարար գիտական գրադարան = Fundamental Scientific Library of NAS RA
All site content, except where otherwise noted, is licensed under a